| 000 | 00507 a2200145 4500 | ||
|---|---|---|---|
| 999 |
_c8115 _d8115 |
||
| 020 | _a9780797482104 | ||
| 050 | _aPN481 NAI 2018 | ||
| 100 |
_aNaidoo, Salachi _eauthor |
||
| 245 |
_aDistilling their own brew; _bNarrating gender violence and resistance in Zimbabwean women's fiction/ |
||
| 264 |
_aHarare: _bAfrica Institute for Culture ,Peace, Dialogue& Tolarance Studies; _c2018 |
||
| 300 | _av,212p.; | ||
| 500 | _aIncludes index | ||
| 650 | _aDistilling their own brew | ||
| 942 |
_2lcc _cBK _h481 _iNAI _kPN |
||